| 000 | 01130nam a22002537a 4500 | ||
|---|---|---|---|
| 999 |
_c7624 _d7624 |
||
| 001 | 991024960369706706 | ||
| 003 | OSt | ||
| 005 | 20211228105126.0 | ||
| 007 | t | ||
| 008 | 990630s1996 sp a 000 0bspa c | ||
| 017 | _aB-48947-1995 | ||
| 020 | _a8439547617 | ||
| 035 | _a(ES-BaCBU).b46503195 | ||
| 040 |
_aES-BaCBU _bcat _cCDMR |
||
| 245 | 0 | 0 |
_aÍndice general 1898-1995 _h[Fitxer informàtic] _b: anuarios, temarios, protagonistas, décadas / _cpresidente: José Manuel Lara Bosch ; director general: Antonio Pérez Cobos ; creación del proyecto: Ricard Domingo |
| 260 |
_a[Barcelona] : _bDifusora internacional, _cDL 1995 |
||
| 300 |
_a1 CD-ROM ; _c12 cm + _e1 guia de l'usuari ([2] p.) |
||
| 500 | _aRequeriments del sistema: Ordinador personal de tipus 486SX/25 o superior ; 4 MB de memòria RAM ; targeta gràfica amb una resolució de 640x480 ; targeta de so de 8 bits ; lector de CD-ROM ; Windows 3.1 o Windows 95 | ||
| 700 | 1 |
_aLara Bosch, José Manuel, _d. |
|
| 700 | 1 | _aPérez Cobos, Antonio | |
| 907 |
_a.b46503195 _b22-01-21 _c16-12-10 _d16-12-10 _em _fa _g- _hspa _isp _j0 _k1 |
||
| 908 | _aURL | ||
| 942 |
_2udc _cADV |
||